معا ش اور معشر ت (Record no. 2899)

MARC details
000 -LEADER
fixed length control field 01031nam a22002657a 4500
005 - DATE AND TIME OF LATEST TRANSACTION
control field 20081104115030.0
008 - FIXED-LENGTH DATA ELEMENTS--GENERAL INFORMATION
fixed length control field 081104t xxu||||| |||| 00| 0 ur d
010 ## - LCCN (DPL NO)
LC control number UR-7240
020 ## - INTERNATIONAL STANDARD BOOK NUMBER
Terms of availability 175.00
035 ## - SYSTEM CONTROL NUMBER
System control number U-5807
037 ## - SOURCE OF ACQUISITION
Source of stock number/acquisition D.B.Act / Pub
082 ## - DEWEY DECIMAL CLASSIFICATION NUMBER
Classification number 331.124
100 ## - MAIN ENTRY--PERSONAL NAME
Personal name بلگر امی ،اطہر رضا
245 ## - TITLE STATEMENT
Title معا ش اور معشر ت
Statement of responsibility, etc اطہر رضا بلگرا می
Remainder of title (انتخا ب مضا مين )
246 ## - VARYING FORM OF TITLE
Title proper/short title Maash aur Maashrat(Intakhabe Mazamin)
Remainder of title by Balgrami Atthar Raza
260 ## - PUBLICATION, DISTRIBUTION, ETC. (IMPRINT)
Place of publication, distribution, etc نئ دھلی
Name of publisher, distributor, etc مکتبہ جا معہ
Date of publication, distribution, etc 2006
270 ## - ADDRESS
Address جا معہ نگر
City نئ دھلی
Postal code 110025
300 ## - PHYSICAL DESCRIPTION
Extent 200p
Other physical details 22cm (pbk)
650 ## - SUBJECT ADDED ENTRY--TOPICAL TERM
Topical term or geographic name as entry element معا شيا ت
650 ## - SUBJECT ADDED ENTRY--TOPICAL TERM
Topical term or geographic name as entry element Economical
700 ## - ADDED ENTRY--PERSONAL NAME
Personal name اختر الوا سع
710 ## - ADDED ENTRY--CORPORATE NAME
Corporate name or jurisdiction name as entry element فر حت احسا س
942 ## - ADDED ENTRY ELEMENTS (KOHA)
Institution code [OBSOLETE] dpl
Item type Urdu Bks
Source of classification or shelving scheme Dewey Decimal Classification
Classification part 331.124
Call number suffix ب ل گ
Holdings
Withdrawn status Lost status Source of classification or shelving scheme Damaged status Not for loan Collection code Home library Current library Date acquired Cost, normal purchase price Total Checkouts Full call number Barcode Date last seen Copy number Cost, replacement price Koha item type
    Dewey Decimal Classification   Not For Loan Non-fiction D.B.Act.Division D.B.Act.Division 04/11/2008 175.00   331.124 ب ل گ U-5807 15/09/2008 1 175.00 Urdu Bks

© Delhi Public Library
Hit Counter
free hit counter